[Event "?"]
[Site "ICS rated blitz match, 208.19"]
[Date "1997.??.??"]
[Round "?"]
[White "Brause"]
[Black "brit"]
[Result "0-1"]
[WhiteElo "2630"]
[BlackElo "2130"]
[PlyCount "144"]

1. e4 e5 2. Nf3 Nc6 3. Nc3 Nf6 4. Nxe5 Nxe5 5. d4 Ng6 6. e5 Bb4 7. exf6 Qxf6 8.
Bc4 O-O 9. O-O Bxc3 10. bxc3 d6 11. Rb1 b6 12. Be3 Be6 13. Bxe6 Qxe6 14. d5 Qd7
15. Qd4 Rfe8 16. Rbd1 Re7 17. Bg5 f6 18. Be3 Rae8 19. Qb4 a5 20. Qd4 Re4 21.
Qd3 Qa4 22. Ra1 Ne5 23. Qe2 Qc4 24. Qxc4 Nxc4 25. Bd4 Re2 26. Rfc1 Na3 27. Kf1
Nxc2 28. Rab1 Na3 29. Re1 Rxe1+ 30. Rxe1 Rxe1+ 31. Kxe1 Nc2+ 32. Ke2 Nxd4+ 33.
cxd4 Kf7 34. Kd3 b5 35. Kc3 f5 36. Kd3 Kf6 37. Kc2 f4 38. Kd3 Kf5 39. f3 g5 40.
Kc2 g4 41. Kc3 gxf3 42. gxf3 Kg5 43. Kd3 Kf5 44. Kc3 Kf6 45. Kc2 Ke7 46. Kd3
Kd8 47. Kc3 Kc8 48. Kd3 Kb7 49. h3 Kb6 50. h4 c6 51. dxc6 Kxc6 52. h5 Kd5 53.
a3 b4 54. axb4 axb4 55. h6 b3 56. Kc3 b2 57. Kxb2 Kxd4 58. Kc2 Ke3 59. Kc3 d5
60. Kc2 Kxf3 61. Kd3 Kg2 62. Kd4 f3 63. Kxd5 f2 64. Kc4 f1=Q+ 65. Kc3 Qf4 66.
Kd3 Kf2 67. Kc3 Ke2 68. Kb3 Kd2 69. Kb2 Qc4 70. Ka3 Qb5 71. Ka2 Kc2 72. Ka1
Qb2# 0-1

[Event "?"]
[Site "ICS rated blitz match, 208.19"]
[Date "1997.??.??"]
[Round "?"]
[White "Brause"]
[Black "brit"]
[Result "1/2-1/2"]
[WhiteElo "2575"]
[BlackElo "2150"]
[PlyCount "79"]

1. e4 e5 2. Nf3 Nc6 3. Nc3 Nf6 4. Nxe5 Nxe5 5. d4 Ng6 6. e5 Bb4 7. exf6 Qxf6 8.
Bc4 O-O 9. O-O Bxc3 10. bxc3 d6 11. Rb1 b6 12. Be3 Be6 13. Bxe6 Qxe6 14. d5 Qd7
15. Qd4 Rfe8 16. Rbd1 Re7 17. Bg5 f6 18. Be3 Rae8 19. Qb4 a5 20. Qb3 Re4 21.
Rd4 f5 22. Rxe4 Rxe4 23. Rd1 f4 24. Rd4 Rxd4 25. Bxd4 f3 26. gxf3 Qh3 27. Qa4
Kf7 28. Qc6 Nh4 29. Qxc7+ Ke8 30. Qb8+ Kd7 31. Qb7+ Ke8 32. Qc6+ Ke7 33. Qc7+
Ke8 34. Qb8+ Ke7 35. Qa7+ Ke8 36. Qa8+ Ke7 37. Qb7+ Ke8 38. Qc6+ Ke7 39. Qc7+
Ke8 40. Qc6+ 1/2-1/2

[Event "?"]
[Site "ICS rated blitz match, 208.19"]
[Date "1997.??.??"]
[Round "?"]
[White "Brause"]
[Black "brit"]
[Result "0-1"]
[WhiteElo "2565"]
[BlackElo "2165"]
[PlyCount "128"]

1. e4 e5 2. Nf3 Nc6 3. Nc3 Nf6 4. Nxe5 Nxe5 5. d4 Ng6 6. e5 Bb4 7. exf6 Qxf6 8.
Bc4 O-O 9. O-O Bxc3 10. bxc3 d6 11. Rb1 b6 12. Be3 Be6 13. Bxe6 Qxe6 14. d5 Qd7
15. Qd4 Rfe8 16. Rbd1 Re7 17. Bg5 f6 18. Be3 Rae8 19. Qb4 a5 20. Qd4 Re4 21.
Qd3 Qa4 22. Ra1 Ne5 23. Qe2 Qc4 24. Qd2 Ng4 25. Rfe1 f5 26. Qd3 Nxe3 27. fxe3
Qxd3 28. cxd3 Rxe3 29. Kf2 Rxe1 30. Rxe1 Rxe1 31. Kxe1 Kf7 32. Kf2 Kf6 33. c4
Ke5 34. Ke3 f4+ 35. Kf3 Kd4 36. Ke2 g5 37. Kd2 h5 38. a3 g4 39. a4 f3 40. gxf3
gxf3 41. h4 f2 42. Ke2 f1=Q+ 43. Kxf1 Kxd3 44. Kf2 Kxc4 45. Ke3 b5 46. Kd2 bxa4
47. Kc1 Kc3 48. Kb1 Kb3 49. Kc1 a3 50. Kb1 Kc4 51. Ka2 Kxd5 52. Kxa3 Kc4 53.
Ka2 Kc3 54. Ka3 d5 55. Ka4 d4 56. Kxa5 d3 57. Kb5 d2 58. Kc6 d1=Q 59. Kxc7 Qd5
60. Kb6 Kb4 61. Ka7 Kb5 62. Kb8 Qf7 63. Kc8 Kc6 64. Kd8 Qd7# 0-1

[Event "?"]
[Site "ICS rated blitz match, 208.19"]
[Date "1997.??.??"]
[Round "?"]
[White "Brause"]
[Black "brit"]
[Result "1-0"]
[WhiteElo "2505"]
[BlackElo "2220"]
[PlyCount "39"]

1. e4 e5 2. Nf3 Nc6 3. Nc3 Nf6 4. Nxe5 Nxe5 5. d4 Ng6 6. e5 Bb4 7. exf6 O-O 8.
fxg7 Re8+ 9. Be2 d5 10. Be3 Qh4 11. O-O Bxc3 12. bxc3 Bf5 13. Bd3 Be4 14. Rb1
Re6 15. Rxb7 Nf4 16. Bxe4 dxe4 17. Rxc7 Rh6 18. h3 Nxh3+ 19. gxh3 Qxh3 20. Bxh6
1-0

[Event "?"]
[Site "ICS rated blitz match, 208.19"]
[Date "1997.??.??"]
[Round "?"]
[White "Brause"]
[Black "brit"]
[Result "1-0"]
[WhiteElo "2510"]
[BlackElo "2215"]
[PlyCount "69"]

1. e4 e5 2. Nf3 Nc6 3. Nc3 Nf6 4. Nxe5 Nxe5 5. d4 Nc6 6. d5 Bb4 7. dxc6 Nxe4 8.
Qd4 Qe7 9. Be3 Nxc3 10. Qxg7 Rf8 11. bxc3 Bc5 12. cxd7+ Bxd7 13. Qg5 Bxe3 14.
Qxe7+ Kxe7 15. fxe3 Bc6 16. Kf2 Rad8 17. Bd3 Rg8 18. Rhg1 Rg7 19. Rad1 Rdg8 20.
g3 h5 21. Bf5 h4 22. g4 Rd8 23. Rd4 Rd6 24. Rgd1 Rg8 25. Rxd6 cxd6 26. e4 Rd8
27. Ke3 Kf6 28. Kd4 d5 29. e5+ Kg5 30. Rb1 f6 31. e6 a6 32. Kc5 Re8 33. Re1 Re7
34. Kd6 Re8 35. e7 1-0

[Event "?"]
[Site "ICS rated blitz match, 208.19"]
[Date "1997.??.??"]
[Round "?"]
[White "Brause"]
[Black "brit"]
[Result "1-0"]
[WhiteElo "2560"]
[BlackElo "2180"]
[PlyCount "37"]

1. e4 e5 2. Nf3 Nc6 3. Nc3 Nf6 4. Nxe5 Nxe5 5. d4 Ng6 6. e5 Ng8 7. Bc4 f5 8.
O-O c6 9. Qf3 N8e7 10. Ne4 d5 11. Nd6+ Kd7 12. Nf7 Qb6 13. Nxh8 Nxh8 14. Bd3
Qxd4 15. Bxf5+ Nxf5 16. Qxf5+ Kc7 17. Qxf8 Bh3 18. Qe7+ Kc8 19. gxh3 1-0

[Event "?"]
[Site "ICS rated blitz match, 208.19"]
[Date "1997.??.??"]
[Round "?"]
[White "Brause"]
[Black "brit"]
[Result "1-0"]
[WhiteElo "2560"]
[BlackElo "2175"]
[PlyCount "53"]

1. e4 e5 2. Nf3 Nc6 3. Nc3 Nf6 4. Nxe5 Nxe5 5. d4 Nc6 6. d5 Bb4 7. dxc6 Nxe4 8.
Qd4 Qe7 9. Be3 O-O 10. Bd3 Nxc3 11. bxc3 Ba5 12. cxd7 Bxd7 13. O-O Bb6 14. Qb4
Qxb4 15. cxb4 Bxe3 16. fxe3 Rfe8 17. Rad1 Bc6 18. b5 Be4 19. Bxe4 Rxe4 20. Rd7
f6 21. Rxc7 Rxe3 22. Rd1 Rae8 23. Rxb7 Re1+ 24. Rxe1 Rxe1+ 25. Kf2 Rb1 26. a4
Rb4 27. Rxa7 1-0

[Event "?"]
[Site "ICS rated blitz match, 208.19"]
[Date "1997.??.??"]
[Round "?"]
[White "Brause"]
[Black "brit"]
[Result "1-0"]
[WhiteElo "2565"]
[BlackElo "2170"]
[PlyCount "35"]

1. e4 e5 2. Nf3 Nc6 3. Nc3 Nf6 4. Nxe5 Nxe5 5. d4 Nc6 6. d5 Ne5 7. f4 Ng6 8. e5
Ng8 9. d6 cxd6 10. exd6 Qb6 11. Qe2+ Kd8 12. f5 Bxd6 13. fxg6 hxg6 14. Nb5 Nf6
15. Nxd6 Qxd6 16. Qd3 Rxh2 17. Qxd6 Rxh1 18. Qf8+ 1-0

[Event "?"]
[Site "ICS rated blitz match, 208.19"]
[Date "1997.??.??"]
[Round "?"]
[White "Brause"]
[Black "brit"]
[Result "1-0"]
[WhiteElo "2565"]
[BlackElo "2170"]
[PlyCount "51"]

1. e4 e5 2. Nf3 Nc6 3. Nc3 Nf6 4. Nxe5 Nxe5 5. d4 Nc6 6. d5 Ne5 7. f4 Ng6 8. e5
Ng8 9. d6 cxd6 10. exd6 Qb6 11. Qe2+ Kd8 12. f5 Nf6 13. fxg6 hxg6 14. Nb5 Bxd6
15. Be3 Bc5 16. Bxc5 Qxc5 17. O-O-O Re8 18. Qc4 Qxc4 19. Bxc4 d5 20. Bxd5 Nxd5
21. Rxd5+ Bd7 22. Nd6 Re7 23. Nxb7+ Kc7 24. Na5 Be6 25. Rb5 Rb8 26. Rxb8 1-0

[Event "?"]
[Site "ICS rated blitz match, 208.19"]
[Date "1997.??.??"]
[Round "?"]
[White "Brause"]
[Black "brit"]
[Result "1-0"]
[WhiteElo "2570"]
[BlackElo "2165"]
[PlyCount "35"]

1. e4 e5 2. Nf3 Nc6 3. Nc3 Nf6 4. Nxe5 Nxe5 5. d4 Nc6 6. d5 Ne5 7. f4 Ng6 8. e5
Ng8 9. d6 cxd6 10. exd6 Qb6 11. Qe2+ Kd8 12. f5 Nf6 13. fxg6 Bxd6 14. gxf7 Rf8
15. Qc4 Bb4 16. Bf4 Bxc3+ 17. Qxc3 Rxf7 18. O-O-O 1-0

[Event "?"]
[Site "ICS rated blitz match, 208.19"]
[Date "1997.??.??"]
[Round "?"]
[White "Brause"]
[Black "brit"]
[Result "1/2-1/2"]
[WhiteElo "2575"]
[BlackElo "2165"]
[PlyCount "89"]

1. e4 e5 2. Nf3 Nc6 3. Nc3 Nf6 4. Nxe5 Nxe5 5. d4 Ng6 6. e5 Ng8 7. Bc4 Bb4 8.
Qf3 f5 9. h4 d5 10. Qxd5 Bxc3+ 11. bxc3 Qxd5 12. Bxd5 c6 13. Bc4 N8e7 14. h5
Nf8 15. h6 g6 16. Bg5 Ne6 17. Bf6 Rf8 18. Bxe7 Kxe7 19. O-O Bd7 20. Rab1 b5 21.
Bd3 Nc7 22. c4 a6 23. Rb2 Be6 24. c5 Nd5 25. a3 g5 26. Rd1 Rg8 27. c4 Nf4 28.
Bf1 Rg6 29. g3 Nh5 30. d5 cxd5 31. cxd5 Bxd5 32. Rxd5 Rxh6 33. a4 f4 34. axb5
axb5 35. g4 f3 36. gxh5 Rxh5 37. Rxb5 Ra1 38. Rb7+ Ke6 39. Rd6+ Kxe5 40. Re7+
Kf5 41. Rf7+ Ke4 42. Re7+ Kf5 43. Rf7+ Ke4 44. Re7+ Kf5 45. Rf7+ 1/2-1/2

[Event "?"]
[Site "ICS rated blitz match, 208.19"]
[Date "1997.??.??"]
[Round "?"]
[White "Brause"]
[Black "brit"]
[Result "1-0"]
[WhiteElo "2565"]
[BlackElo "2175"]
[PlyCount "57"]

1. e4 e5 2. Nf3 Nc6 3. Nc3 Nf6 4. Nxe5 Nxe5 5. d4 Ng6 6. e5 Ng8 7. Bc4 Bb4 8.
Qf3 f5 9. h4 d5 10. Bb3 c6 11. Qg3 Kf7 12. Bg5 N8e7 13. h5 Nf8 14. h6 Rg8 15.
hxg7 Rxg7 16. O-O-O Bxc3 17. bxc3 Ne6 18. Bxe7 Qxe7 19. Qf3 Bd7 20. Kb1 Rag8
21. Qxf5+ Ke8 22. g3 Kd8 23. Qd3 Rg4 24. Rxh7 Qg5 25. f4 Nxf4 26. gxf4 Rxf4 27.
e6 Bxe6 28. Rxb7 Qh5 29. Rxa7 1-0

[Event "?"]
[Site "ICS rated blitz match, 208.19"]
[Date "1997.??.??"]
[Round "?"]
[White "Brause"]
[Black "brit"]
[Result "1-0"]
[WhiteElo "2565"]
[BlackElo "2170"]
[PlyCount "29"]

1. e4 e5 2. Nf3 Nc6 3. Nc3 Nf6 4. Nxe5 Nxe5 5. d4 Ng6 6. e5 Ng8 7. Bc4 Bb4 8.
Qf3 f5 9. h4 d5 10. Bb3 Bxc3+ 11. bxc3 Nxh4 12. Qg3 Ng6 13. Rxh7 Rxh7 14. Qxg6+
Kf8 15. Ba3+ 1-0

[Event "?"]
[Site "ICS rated blitz match, 208.19"]
[Date "1997.??.??"]
[Round "?"]
[White "Brause"]
[Black "brit"]
[Result "1-0"]
[WhiteElo "2570"]
[BlackElo "2165"]
[PlyCount "49"]

1. e4 e5 2. Nf3 Nc6 3. Nc3 Nf6 4. Nxe5 Nxe5 5. d4 Ng6 6. e5 Ng8 7. Bc4 Bb4 8.
Qf3 f5 9. h4 d5 10. Qxd5 Bxc3+ 11. bxc3 Qxd5 12. Bxd5 c6 13. Bc4 Nf8 14. Ba3
Ne6 15. O-O Ne7 16. Rab1 b5 17. Bd3 g6 18. Bd6 Kf7 19. g3 Nd5 20. Rb3 Bd7 21.
Rd1 a5 22. c4 bxc4 23. Bxc4 a4 24. Rf3 Nec7 25. Bxc7 1-0

[Event "?"]
[Site "ICS rated blitz match, 208.19"]
[Date "1997.??.??"]
[Round "?"]
[White "Brause"]
[Black "Brekelmans"]
[Result "1-0"]
[WhiteElo "2455"]
[BlackElo "2050"]
[PlyCount "35"]

1. e4 e5 2. Nf3 Nc6 3. Nc3 Nf6 4. Nxe5 Nxe5 5. d4 Nc6 6. d5 Ne5 7. f4 Ng6 8. e5
Ng8 9. d6 cxd6 10. exd6 Qf6 11. Nb5 Rb8 12. Be3 a6 13. Nc7+ Kd8 14. Bb6 Qxd6
15. Ne6+ Ke8 16. Nxg7+ Ke7 17. Nf5+ Kf6 18. Nxd6 1-0

[Event "?"]
[Site "ICS rated blitz match, 208.19"]
[Date "1997.??.??"]
[Round "?"]
[White "Brause"]
[Black "Brekelmans"]
[Result "1-0"]
[WhiteElo "2455"]
[BlackElo "2050"]
[PlyCount "41"]

1. e4 e5 2. Nf3 Nc6 3. Nc3 Nf6 4. Nxe5 Nxe5 5. d4 Nc6 6. d5 Nb8 7. e5 Ng8 8. d6
cxd6 9. exd6 Qa5 10. Bf4 g6 11. Qe2+ Ne7 12. O-O-O Nbc6 13. Nd5 Qxa2 14. Nc7+
Kd8 15. dxe7+ Nxe7 16. Qe5 Rg8 17. Nxa8 Bg7 18. Qc7+ Ke8 19. Be5 Bh6+ 20. f4
Kf8 21. Qd8# 1-0

[Event "?"]
[Site "ICS rated blitz match, 208.19"]
[Date "1997.??.??"]
[Round "?"]
[White "Brause"]
[Black "fmarshall"]
[Result "1-0"]
[WhiteElo "2445"]
[BlackElo "2005"]
[PlyCount "41"]

1. e4 e5 2. Nf3 Nc6 3. Nc3 Nf6 4. Nxe5 Nxe5 5. d4 Ng6 6. e5 Ng8 7. Bc4 c6 8.
Qf3 Qe7 9. O-O b5 10. Nxb5 Kd8 11. Nd6 Nxe5 12. dxe5 Nh6 13. Bxh6 gxh6 14.
Nxf7+ Kc7 15. Nxh8 Bg7 16. Nf7 Bb7 17. Qg3 Bf8 18. Nd6 Bg7 19. f4 Rf8 20. Qa3
Rb8 21. Qa5# 1-0

[Event "?"]
[Site "ICS rated blitz match, 208.19"]
[Date "1997.??.??"]
[Round "?"]
[White "Brause"]
[Black "evbad"]
[Result "1-0"]
[WhiteElo "2475"]
[BlackElo "2405"]
[PlyCount "89"]

1. e4 e5 2. Nf3 Nc6 3. Nc3 Nf6 4. Nxe5 Nxe5 5. d4 Ng6 6. e5 Ng8 7. Bc4 Bb4 8.
Qf3 d5 9. Bxd5 Be6 10. Bxe6 fxe6 11. Qxb7 Bxc3+ 12. bxc3 N8e7 13. O-O O-O 14.
Bg5 h6 15. Bd2 Nd5 16. Rab1 Ngf4 17. Rb3 Qg5 18. Bxf4 Nxf4 19. Kh1 Rab8 20. Qc6
Rxb3 21. cxb3 Qg6 22. g3 Nh3 23. f4 Ng5 24. Kg2 Qe4+ 25. Qxe4 Nxe4 26. Rc1 g5
27. Kf3 Nd2+ 28. Ke3 gxf4+ 29. gxf4 Kh7 30. Kxd2 Rxf4 31. Ke3 Rh4 32. Rc2 Kg6
33. Rg2+ Kf5 34. Rf2+ Kg5 35. Kd3 Rh3+ 36. Kc4 c6 37. Rf6 Rxh2 38. Rxe6 Rxa2
39. Rxc6 h5 40. e6 Kf6 41. d5 h4 42. Rc7 h3 43. Rh7 h2 44. e7 h1=Q 45. e8=N+
1-0

[Event "?"]
[Site "ICS rated blitz match, 208.19"]
[Date "1997.??.??"]
[Round "?"]
[White "Brause"]
[Black "marabu"]
[Result "1-0"]
[WhiteElo "2515"]
[BlackElo "2275"]
[PlyCount "89"]

1. e4 e5 2. Nf3 Nc6 3. Nc3 Nf6 4. Nxe5 Nxe5 5. d4 Ng6 6. e5 Ng8 7. Bc4 d6 8.
Qf3 f6 9. O-O dxe5 10. dxe5 Nxe5 11. Qe4 Be7 12. Bxg8 Rxg8 13. Qxh7 Kf7 14. Rd1
Bd7 15. Qh5+ g6 16. Qh4 Rh8 17. Qg3 Qc8 18. Bf4 Bd6 19. Ne4 Bc6 20. Rxd6 Bxe4
21. Rxf6+ Kxf6 22. Bxe5+ Kf7 23. Bxh8 Qxh8 24. Qf4+ Bf5 25. Qxc7+ Kf6 26. Qxb7
Qe8 27. Qb4 Rd8 28. Re1 Qd7 29. Qh4+ Kf7 30. a3 Re8 31. Qc4+ Kg7 32. Rxe8 Qxe8
33. Qd4+ Kf7 34. Qxa7+ Kg8 35. Qe3 Qb5 36. Qb3+ Qxb3 37. cxb3 Be6 38. b4 Bd7
39. f3 Kf7 40. Kf2 Ke6 41. h4 Kd5 42. g4 Kc4 43. h5 gxh5 44. gxh5 Kb3 45. h6
1-0

[Event "?"]
[Site "ICS rated blitz match, 208.19"]
[Date "1997.??.??"]
[Round "?"]
[White "Brause"]
[Black "Bonzo"]
[Result "1-0"]
[WhiteElo "2580"]
[BlackElo "1955"]
[PlyCount "61"]

1. e4 e5 2. Nf3 Nc6 3. Nc3 Nf6 4. Nxe5 Nxe5 5. d4 Ng6 6. e5 Bb4 7. exf6 Qxf6 8.
Bc4 c6 9. O-O d5 10. Qe1+ Be6 11. Nxd5 Qxd4 12. Qxb4 Bxd5 13. Re1+ Be6 14. Qxb7
O-O 15. Bxe6 fxe6 16. Be3 Qd5 17. Red1 Qf5 18. Rd7 Qf6 19. Bd4 e5 20. Bxa7 Nh4
21. Qb3+ Kh8 22. Rf1 Qg6 23. Qg3 Qxg3 24. hxg3 Nf5 25. Re1 Nd4 26. c4 Nc2 27.
Rxe5 Nb4 28. Ree7 Rg8 29. Bd4 Rxa2 30. Rxg7 Rxg7 31. Rd8# 1-0

[Event "?"]
[Site "ICS rated blitz match, 208.19"]
[Date "1997.??.??"]
[Round "?"]
[White "Brause"]
[Black "honor"]
[Result "1-0"]
[WhiteElo "2575"]
[BlackElo "2130"]
[PlyCount "29"]

1. e4 e5 2. Nf3 Nc6 3. Nc3 Nf6 4. Nxe5 Nxe5 5. d4 Nc6 6. d5 Ne5 7. f4 Nxe4 8.
Nxe4 Ng6 9. Bd3 d6 10. O-O Be7 11. Qh5 O-O 12. f5 Ne5 13. f6 Bxf6 14. Nxf6+
Qxf6 15. Qxh7# 1-0

[Event "?"]
[Site "ICS rated blitz match, 208.19"]
[Date "1997.??.??"]
[Round "?"]
[White "Brause"]
[Black "honor"]
[Result "1-0"]
[WhiteElo "2555"]
[BlackElo "2125"]
[PlyCount "73"]

1. e4 e5 2. Nf3 Nc6 3. Nc3 Nf6 4. Nxe5 Nxe5 5. d4 Qe7 6. dxe5 Qxe5 7. f4 Qh5 8.
Qxh5 Nxh5 9. Be2 Nf6 10. e5 Ng8 11. Bd2 Bc5 12. Na4 d6 13. Nxc5 dxc5 14. Be3 b6
15. O-O-O Be6 16. Bb5+ Ke7 17. Bd3 Nh6 18. Bf2 Nf5 19. Rhe1 Rhd8 20. g4 Nh6 21.
Bh4+ f6 22. exf6+ gxf6 23. f5 Nxg4 24. h3 Ne5 25. Rxe5 Rd6 26. Rde1 Rf8 27.
Rxe6+ Rxe6 28. Rxe6+ Kd7 29. Rxf6 Rg8 30. Rf7+ Kc6 31. Be4+ Kb5 32. Rxc7 Rg1+
33. Kd2 h5 34. f6 Rf1 35. Bd3+ Kb4 36. c3+ Ka5 37. Rxa7# 1-0

[Event "?"]
[Site "ICS rated blitz match, 208.19"]
[Date "1997.??.??"]
[Round "?"]
[White "Brause"]
[Black "lhg"]
[Result "1-0"]
[WhiteElo "2560"]
[BlackElo "2345"]
[PlyCount "39"]

1. e4 e5 2. Nf3 Nc6 3. Nc3 Nf6 4. Nxe5 Nxe5 5. d4 Ng6 6. e5 Ng8 7. Bc4 d5 8.
Bxd5 c6 9. Bb3 Bb4 10. O-O Bxc3 11. bxc3 Be6 12. f4 Bxb3 13. axb3 N8e7 14. f5
Nf8 15. Bg5 h6 16. Bd2 Nd5 17. Qh5 Qd7 18. e6 Qe7 19. Rfe1 Kd8 20. exf7 1-0

[Event "?"]
[Site "ICS rated blitz match, 208.19"]
[Date "1997.??.??"]
[Round "?"]
[White "Brause"]
[Black "oldtimer"]
[Result "1-0"]
[WhiteElo "2570"]
[BlackElo "2500"]
[PlyCount "56"]

1. e4 e5 2. Nf3 Nc6 3. Nc3 Nf6 4. Nxe5 Nxe5 5. d4 Ng6 6. e5 Ng8 7. Bc4 d5 8.
Bxd5 c6 9. Bb3 Bb4 10. O-O Bxc3 11. bxc3 Be6 12. f4 Bxb3 13. cxb3 f5 14. Ba3
N8e7 15. Bd6 Qd7 16. Qd3 Rd8 17. Rad1 Nd5 18. Qd2 Nge7 19. c4 Nc7 20. d5 cxd5
21. Qa5 Nc8 22. Qxc7 Qxc7 23. Bxc7 Rd7 24. Ba5 dxc4 25. bxc4 b6 26. Rxd7 Kxd7
27. Rd1+ Kc6 28. Bb4 a5 1-0

[Event "?"]
[Site "ICS rated blitz match, 208.19"]
[Date "1997.??.??"]
[Round "?"]
[White "Brause"]
[Black "oldtimer"]
[Result "1-0"]
[WhiteElo "2590"]
[BlackElo "2490"]
[PlyCount "131"]

1. e4 e5 2. Nf3 Nc6 3. Nc3 Nf6 4. Nxe5 Nxe5 5. d4 Ng6 6. e5 Ng8 7. Bc4 d5 8.
Bxd5 Bb4 9. Qf3 Qd7 10. Bxb7 Bxb7 11. Qxb7 Bxc3+ 12. bxc3 Rd8 13. Rb1 N8e7 14.
O-O O-O 15. Ba3 Rfe8 16. Qxa7 Ra8 17. Qc5 Qf5 18. f3 Qxc2 19. Rb2 Qd3 20. Bb4
Nf4 21. Qxc7 Ned5 22. Qb7 Ne3 23. Re1 Nfxg2 24. Reb1 Qc4 25. Bd6 Rxa2 26. Qb8
Ra8 27. Qxa8 Rxa8 28. Rb8+ Qc8 29. Rxc8+ Rxc8 30. Kf2 h5 31. Rb8 Rxb8 32. Bxb8
Kf8 33. Ba7 Ke7 34. c4 Nxc4 35. Kxg2 Ne3+ 36. Kf2 Nd5 37. Bc5+ Ke6 38. Bf8 g6
39. Ke2 Kf5 40. Bh6 g5 41. Bf8 Nf4+ 42. Ke3 Nd5+ 43. Kf2 Ke6 44. Ke2 Kf5 45.
Bd6 Nf4+ 46. Ke3 Nd5+ 47. Kd2 g4 48. fxg4+ hxg4 49. Kd3 Nf4+ 50. Ke3 Nd5+ 51.
Kd2 Ke4 52. Bc5 Ne3 53. Kc3 Kd5 54. Bb6 Nf1 55. Bc7 Ne3 56. Kd3 Nf5 57. Bb6 g3
58. hxg3 Nxg3 59. Ba5 Nf5 60. Bc3 Ng7 61. Bd2 Ne6 62. Be3 Nd8 63. Bc1 Ne6 64.
Bb2 Ng7 65. Ba3 Ne6 66. Be7 1-0

[Event "?"]
[Site "ICS rated blitz match, 208.19"]
[Date "1997.??.??"]
[Round "?"]
[White "Brause"]
[Black "chesshazard"]
[Result "1-0"]
[WhiteElo "2610"]
[BlackElo "1990"]
[PlyCount "41"]

1. e4 e5 2. Nf3 Nc6 3. Nc3 Nf6 4. Nxe5 Nxe5 5. d4 Nc6 6. d5 Ne5 7. f4 Ng6 8. e5
Ng8 9. d6 cxd6 10. exd6 Qb6 11. Qe2+ Kd8 12. f5 Nh4 13. Qg4 Qxd6 14. Qxh4+ Be7
15. Qf4 Qxf4 16. Bxf4 Nf6 17. O-O-O b6 18. Bc4 Rf8 19. Nd5 Nxd5 20. Bxd5 Rb8
21. Bxb8 1-0

[Event "?"]
[Site "ICS rated blitz match, 208.19"]
[Date "1997.??.??"]
[Round "?"]
[White "Brause"]
[Black "Bonzo"]
[Result "1-0"]
[WhiteElo "2610"]
[BlackElo "2010"]
[PlyCount "47"]

1. e4 e5 2. Nf3 Nc6 3. Nc3 Nf6 4. Nxe5 Nxe5 5. d4 Ng6 6. e5 Ng8 7. Bc4 Bb4 8.
Qf3 Qe7 9. O-O Bxc3 10. bxc3 Nh6 11. g3 O-O 12. Qh5 d5 13. Bxd5 Bg4 14. Qg5
Qxg5 15. Bxg5 c6 16. Bg2 Bf5 17. Rab1 Rab8 18. Rb2 Ng4 19. Rfb1 Bc8 20. Bxc6 b6
21. Be4 h6 22. Bd2 f5 23. exf6 Rxf6 24. f3 1-0

[Event "?"]
[Site "ICS rated blitz match, 208.19"]
[Date "1997.??.??"]
[Round "?"]
[White "Brause"]
[Black "Sabertooth"]
[Result "1-0"]
[WhiteElo "2615"]
[BlackElo "1950"]
[PlyCount "45"]

1. e4 e5 2. Nf3 Nc6 3. Nc3 Nf6 4. Nxe5 Nxe5 5. d4 Nc6 6. d5 Ne5 7. f4 Neg4 8.
e5 Bb4 9. exf6 Bxc3+ 10. bxc3 Nxf6 11. Be2 Ne4 12. Qd3 Qe7 13. O-O O-O 14. Bf3
Nc5 15. Qe3 Re8 16. Re1 Kf8 17. Bd2 d6 18. Qf2 Qd7 19. Qh4 h6 20. Rxe8+ Qxe8
21. Re1 Qd7 22. f5 b6 23. f6 1-0

[Event "?"]
[Site "ICS rated blitz match, 208.19"]
[Date "1997.??.??"]
[Round "?"]
[White "Brause"]
[Black "leskovar"]
[Result "1-0"]
[WhiteElo "2585"]
[BlackElo "2355"]
[PlyCount "32"]

1. e4 e5 2. Nf3 Nc6 3. Nc3 Nf6 4. Nxe5 Nxe5 5. d4 Ng6 6. e5 Ng8 7. Bc4 d6 8.
Qf3 Be6 9. Qxb7 Bxc4 10. Qc6+ Ke7 11. exd6+ cxd6 12. Qxc4 Nf6 13. O-O Ke8 14.
Qc6+ Nd7 15. Nb5 Rc8 16. Re1+ Be7 1-0

[Event "?"]
[Site "ICS rated blitz match, 208.19"]
[Date "1997.??.??"]
[Round "?"]
[White "Brause"]
[Black "NWarren"]
[Result "1-0"]
[WhiteElo "2615"]
[BlackElo "2035"]
[PlyCount "47"]

1. e4 e5 2. Nf3 Nc6 3. Nc3 Nf6 4. Nxe5 Nxe5 5. d4 Neg4 6. e5 Ne4 7. Nxe4 d6 8.
f3 dxe5 9. fxg4 Bb4+ 10. c3 Ba5 11. dxe5 h5 12. Qxd8+ Kxd8 13. Bg5+ Ke8 14.
gxh5 Rxh5 15. Be2 Rxg5 16. Nxg5 Bf5 17. Rf1 Bb6 18. Rxf5 g6 19. Rxf7 Rd8 20. e6
Bc5 21. Rxc7 Be3 22. Bb5+ Kf8 23. e7+ Kg8 24. exd8=Q# 1-0

[Event "?"]
[Site "ICS rated blitz match, 208.19"]
[Date "1997.??.??"]
[Round "?"]
[White "Brause"]
[Black "brit"]
[Result "1-0"]
[WhiteElo "2615"]
[BlackElo "2010"]
[PlyCount "31"]

1. e4 e5 2. Nf3 Nc6 3. Nc3 Nf6 4. Nxe5 Nxe5 5. d4 Ng6 6. e5 Ng8 7. Bc4 Bb4 8.
Qf3 f5 9. h4 Bxc3+ 10. bxc3 d5 11. Qxd5 Qe7 12. Bb5+ c6 13. Bxc6+ Kf8 14. Ba3
Qxa3 15. Qd8+ Kf7 16. Qe8# 1-0

[Event "?"]
[Site "ICS rated blitz match, 208.19"]
[Date "1997.??.??"]
[Round "?"]
[White "Brause"]
[Black "brit"]
[Result "1-0"]
[WhiteElo "2615"]
[BlackElo "2005"]
[PlyCount "23"]

1. e4 e5 2. Nf3 Nc6 3. Nc3 Nf6 4. Nxe5 Nxe5 5. d4 Ng6 6. e5 Ng8 7. Bc4 Bb4 8.
Qf3 f5 9. h4 Bxc3+ 10. bxc3 Nh6 11. Bg5 Ne7 12. Qh5+ 1-0

[Event "?"]
[Site "ICS rated blitz match, 208.19"]
[Date "1997.??.??"]
[Round "?"]
[White "Brause"]
[Black "brit"]
[Result "1-0"]
[WhiteElo "2615"]
[BlackElo "2005"]
[PlyCount "53"]

1. e4 e5 2. Nf3 Nc6 3. Nc3 Nf6 4. Nxe5 Nxe5 5. d4 Nc6 6. d5 Bb4 7. dxc6 Nxe4 8.
Qd4 Qe7 9. Be3 O-O 10. Bd3 d5 11. Bxe4 dxe4 12. O-O Bxc3 13. Qxc3 Rd8 14. Bd4
Qg5 15. cxb7 Bxb7 16. Qxc7 Rxd4 17. Qxb7 Rad8 18. Qxa7 Rd2 19. Rac1 h5 20. a4
R8d6 21. Qa8+ Kh7 22. Qxe4+ Rg6 23. b3 Rd4 24. Qf3 Rg4 25. g3 h4 26. Rcd1 Rf6
27. Qg2 1-0

[Event "?"]
[Site "ICS rated blitz match, 208.19"]
[Date "1997.??.??"]
[Round "?"]
[White "Brause"]
[Black "brit"]
[Result "1-0"]
[WhiteElo "2615"]
[BlackElo "2005"]
[PlyCount "53"]

1. e4 e5 2. Nf3 Nc6 3. Nc3 Nf6 4. Nxe5 Nxe5 5. d4 Ng6 6. e5 Bb4 7. exf6 Qxf6 8.
Bc4 O-O 9. O-O Bxc3 10. bxc3 d6 11. Rb1 b6 12. Bd3 Bf5 13. Qh5 Bxd3 14. cxd3
Rfe8 15. Rb5 h6 16. Be3 Nf4 17. Bxf4 Qxf4 18. Rf5 Qd2 19. Qxf7+ Kh8 20. Qc4 Re1
21. g3 Rae8 22. Rxe1 Rxe1+ 23. Kg2 Qd1 24. Rf8+ Kh7 25. Qg8+ Kg6 26. Qf7+ Kg5
27. Qf5# 1-0

[Event "?"]
[Site "ICS rated blitz match, 208.19"]
[Date "1997.??.??"]
[Round "?"]
[White "Brause"]
[Black "brit"]
[Result "1-0"]
[WhiteElo "2615"]
[BlackElo "2005"]
[PlyCount "41"]

1. e4 e5 2. Nf3 Nc6 3. Nc3 Nf6 4. Nxe5 Nxe5 5. d4 Ng6 6. e5 Bb4 7. exf6 Qxf6 8.
Bc4 O-O 9. O-O Bxc3 10. bxc3 d6 11. Rb1 b6 12. Be3 Be6 13. Bb3 Rfe8 14. d5 Bd7
15. Qd4 Qxd4 16. cxd4 Re4 17. c4 Rae8 18. Bc2 R4e7 19. c5 Nh4 20. Bg5 f6 21.
Bxh4 1-0

[Event "?"]
[Site "ICS rated blitz match, 208.19"]
[Date "1997.??.??"]
[Round "?"]
[White "Brause"]
[Black "xdeadman"]
[Result "1-0"]
[WhiteElo "2620"]
[BlackElo "2310"]
[PlyCount "61"]

1. e4 e5 2. Nf3 Nc6 3. Nc3 Nf6 4. Nxe5 Nxe5 5. d4 Ng6 6. e5 Ng8 7. Bc4 Bb4 8.
Qf3 Qe7 9. O-O Bxc3 10. bxc3 Nh6 11. g3 O-O 12. Qh5 d6 13. Bxh6 gxh6 14. f4
dxe5 15. f5 Qg5 16. Qxg5 hxg5 17. fxg6 hxg6 18. dxe5 Be6 19. Bxe6 fxe6 20. Rad1
Rad8 21. Rxd8 Rxd8 22. Rf6 Rd2 23. Rxe6 Rxc2 24. Rxg6+ Kf7 25. Rxg5 Rxa2 26. h4
a5 27. h5 Rd2 28. h6 Rd8 29. Rg7+ Ke6 30. Rxc7 a4 31. Rxb7 1-0